=LDR 00000nam 2200000 4500 =001 INLIS000000000015513 =005 20130612110807 =008 ***********************************Indo** =035 ##$$0010-061300000015513 =041 ##$$a Indo =082 ##$$a R.540.13 =090 ##$$a R.540.13, Tar =100 ##$$a Tarmizi MS =245 ##$$a Kamus Istilah Kimia Populer, Tarmizi =260 ##$$a 1993 $b Padang =300 ##$$a xi 187 hlm, 20 cm =650 ##$$a Kimia-Kamus =850 ##$$a NBPNMAT